000 01093nam a2200229 a 4500
001 1503
003 BR-CuiBMT
005 20231216201907.0
008 231128s2007 mtba 000 0 por d
040 _aBR-CuiBMT
_cBR-CuiBMT
080 _a351.94:336.148
_x(817.2)
_x(047)
_22007
090 _dTCE/MT
_a351.94:336.148(817.2)(047)
_bM433r
110 1 _aMato Grosso.
_bTribunal de Contas.
245 1 0 _aResultados da gestão :
_b2006 - 2008 : construindo a excelência /
_cTribunal de Contas do Estado de Mato Grosso ; José Carlos Novelli (conselheiro relator).
260 _aCuiabá :
_bTCE-MT,
_c2007.
300 _a5 v. ;
_bil. color. ;
_c30 cm
505 0 _av. 1. Planejamento -- v. 2. Pesquisa FIA/USP 2006 -- v. 3. Pesquisa FIA/USP 2007 -- v. 4. Programa Nacional de Gestão Pública e Desburocratização - GESPÚBLICA -- v. 5. Legislação - Termos de cooperação técnica.
650 _aControle externo
_vOrçamento
_zMato Grosso
650 _aContas governamentais
_xRelatórios e pareceres
_zMato Grosso
650 _aPrestação de contas
_xRelatórios
_zMato Grosso
942 _2udc
_cLV
999 _c1503
_d1503